[Event "Amber Rapid"]
[Site "Monte Carlo MNC"]
[Date "2004.03.30"]
[Round "9"]
[White "Ivanchuk,V"]
[Black "Van Wely,L"]
[Result "1-0"]
[WhiteElo "2716"]
[BlackElo "2617"]
[EventDate "2004.03.20"]

1. e4 c5 2. Nf3 d6 3. d4 cxd4 4. Nxd4 Nf6 5. Nc3 a6 6. Be3 e6 7. f3 b5 8.
g4 h6 9. Qd2 Nbd7 10. O-O-O Bb7 11. h4 b4 12. Na4 Qa5 13. b3 Nc5 14. a3
Nxa4 15. axb4 Qc7 16. bxa4 d5 17. b5 dxe4 18. bxa6 Bxa6 19. Bxa6 Rxa6 20.
Nb5 Qc8 21. Bf4 Nd5 22. fxe4 Nxf4 23. Qxf4 Rc6 24. Rhf1 f6 25. e5 Rxc2+ 26.
Kb1 Qc4 27. Qxc4 Rxc4 28. exf6 gxf6 29. Rxf6 Be7 30. Rxe6 Rb4+ 31. Kc2 Kf7
32. Rc6 Rxa4 33. Rf1+ Kg7 34. Rc7 Ra2+ 35. Kd3 Rd8+ 36. Nd4 Ra3+ 37. Ke4
Re8 38. Nf5+
1-0

[Event "Amber Rapid"]
[Site "Monte Carlo MNC"]
[Date "2004.04.01"]
[Round "11"]
[White "Morozevich,A"]
[Black "Svidler,P"]
[Result "1-0"]
[WhiteElo "2732"]
[BlackElo "2747"]
[EventDate "2004.03.20"]

1. e4 c5 2. Nf3 Nc6 3. Bb5 g6 4. O-O Bg7 5. d3 Nf6 6. Nc3 O-O 7. h3 Nd4 8.
Nxd4 cxd4 9. Ne2 Qa5 10. Bc4 d5 11. Bd2 Qd8 12. exd5 Nxd5 13. Bg5 h6 14.
Bh4 g5 15. Bg3 f5 16. c3 f4 17. Bh2 dxc3 18. Nxc3 e6 19. Qb3 Nxc3 20. bxc3
Kh8 21. Kh1 e5 22. Bd5 Bf5 23. c4 Qd7 24. f3 Rae8 25. a4 Be6 26. Be4 Bf5
27. a5 h5 28. Rab1 Rf7 29. Qb5 Bxe4 30. dxe4 g4 31. Rfd1 Qc8 32. Rd6 Ref8
33. c5 gxf3 34. gxf3 Qxh3 35. Qf1 Qxf1+ 36. Rxf1 Rf6 37. Bg1 Kg8 38. Rfd1
a6 39. Rb6 R8f7 40. Rdb1 Rxb6 41. axb6 Rf6 42. Rd1 Bf8 43. Rd8 Rf7 44. c6
1-0

[Event "Bosnia GM"]
[Site "Sarajevo BIH"]
[Date "2004.05.18"]
[Round "1"]
[White "Shirov,A"]
[Black "Kurajica,B"]
[Result "1-0"]
[WhiteElo "2713"]
[BlackElo "2540"]
[EventDate "2004.05.18"]

1. e4 d5 2. exd5 Qxd5 3. Nc3 Qd6 4. d4 Nf6 5. Nf3 g6 6. Nb5 Qb6 7. c4 c6 8.
Nc3 Bg4 9. c5 Qc7 10. Bc4 Bxf3 11. Qxf3 Bg7 12. Bf4 Qd8 13. O-O-O O-O 14.
g4 b5 15. Bxb5 Nxg4 16. Bc4 Qc8 17. Rhe1 Qf5 18. Rxe7 g5 19. Be2 Qxf4+ 20.
Qxf4 gxf4 21. Bxg4 Na6 22. Bf3 Rfc8 23. a3 Kf8 24. Rb7 Rd8 25. Bh5 Bxd4 26.
Rg1
1-0

[Event "5th IECC"]
[Site "Antalya TUR"]
[Date "2004.05.15"]
[Round "1"]
[White "Ivanchuk,V"]
[Black "Radulski,J"]
[Result "0-1"]
[WhiteElo "2716"]
[BlackElo "2497"]
[EventDate "2004.05.15"]

1. e4 e5 2. Nf3 Nc6 3. Bb5 a6 4. Ba4 Nf6 5. O-O Be7 6. Re1 b5 7. Bb3 d6 8.
c3 Na5 9. Bc2 c5 10. d4 Qc7 11. d5 Bd7 12. b3 O-O 13. h3 Nb7 14. c4 Rfe8
15. Nc3 g6 16. Bd2 Bf8 17. g4 h5 18. Nh2 b4 19. Na4 hxg4 20. hxg4 Be7 21.
Nb2 Kg7 22. Kg2 Rh8 23. Rh1 Rh4 24. f3 Rah8 25. Qe2 Qc8 26. Rag1 Qg8 27.
Be1 Rh3 28. Nd1 Qh7 29. Bg3 Nxg4
0-1

[Event "FIDE WCh Women KO"]
[Site "Elista RUS"]
[Date "2004.05.29"]
[Round "4.1"]
[White "Koneru,H"]
[Black "Xu Yuhua"]
[Result "1-0"]
[WhiteElo "2513"]
[BlackElo "2474"]
[EventDate "2004.05.22"]

1. d4 Nf6 2. c4 e6 3. Nf3 b6 4. a3 Ba6 5. Qc2 Bb7 6. Nc3 c5 7. e4 cxd4 8.
Nxd4 Bc5 9. Nb3 Nc6 10. Nxc5 bxc5 11. Be3 Qe7 12. Qd1 O-O 13. Be2 e5 14.
O-O Nd4 15. Bd3 a5 16. Rb1 g6 17. f4 exf4 18. Rxf4 Qe5 19. Qf1 Ra6 20. h3
Nf5 21. Bd2 Ng3 22. Qf2 g5 23. Rf3 Ngxe4 24. Nxe4 Nxe4 25. Bxe4 Qxe4 26.
Rf1 Qxc4 27. Rf5 Rg6 28. Rxc5 Qe6 29. Re1 Qd6 30. Rxa5 Rc8 31. Rxg5 Rxg5
32. Bxg5 Qg6 33. Bf6 h6 34. Re3 Qb1+ 35. Kh2 Be4 36. Qf4
1-0

[Event "FIDE WCh Women KO"]
[Site "Elista RUS"]
[Date "2004.06.01"]
[Round "5.2"]
[White "Chiburdanidze,M"]
[Black "Stefanova,A"]
[Result "0-1"]
[WhiteElo "2502"]
[BlackElo "2490"]
[EventDate "2004.05.22"]

1. c4 Nf6 2. d4 c6 3. Bf4 Qb6 4. Qd2 Ne4 5. Qc2 d5 6. f3 Qa5+ 7. Nd2 Nxd2
8. Bxd2 Qd8 9. e3 g6 10. Bd3 Bg7 11. Ne2 dxc4 12. Bxc4 Nd7 13. Bb3 a5 14.
a3 e5 15. O-O O-O 16. Rad1 exd4 17. Nxd4 Qe7 18. Rfe1 Ne5 19. e4 c5 20. Nb5
c4 21. Ba4 Nd3 22. Re2 Nxb2 23. Rb1 Nxa4 24. Qxa4 c3 25. Be3 Bd7 26. Qc2
Rfc8 27. a4 Rc4 28. Bc1 h5 29. Ba3 Qe6 30. f4 Qg4 31. Bd6 Bxb5 32. axb5 Rd8
33. e5 Qxf4 34. Rf1 Qg4 35. h3 Qe6 36. b6 a4 37. Kh1 Rd7 38. Ra1 Kh7 39.
Rf1 Rc6 40. Ref2 Qb3 41. Qe2 Rxb6 42. Qe4 Rc6 43. Rb1 Qc4 44. Qc2 b5 45.
Rff1 Rcxd6 46. exd6 Rxd6 47. Rf2 Bh6 48. Rbf1 Rd7 49. Rf3 Bd2 50. Rf6 a3
51. Ra1 Ra7 52. Rd6 a2 53. Rd8 Bg5 54. Re8 b4 55. Qf2 Rc7
0-1

[Event "ARM-ROW Match"]
[Site "Moscow RUS"]
[Date "2004.06.11"]
[Round "2"]
[White "Lputian,S"]
[Black "Svidler,P"]
[Result "0-1"]
[WhiteElo "2634"]
[BlackElo "2733"]
[EventDate "2004.06.10"]

1. d4 Nf6 2. c4 g6 3. Nc3 d5 4. Bg5 Ne4 5. Bh4 Nxc3 6. bxc3 Bg7 7. e3 c5 8.
cxd5 cxd4 9. cxd4 Qxd5 10. Nf3 Nc6 11. Be2 e5 12. dxe5 Qa5+ 13. Qd2 Qxd2+
14. Kxd2 Nxe5 15. Rab1 Nc6 16. Rhc1 O-O 17. Bc4 h6 18. Ke2 Bf5 19. Rxb7 Na5
20. Rc7 Nxc4 21. R1xc4 Rfb8 22. Nd4 Be4 23. Nb5 Bxg2 24. Rxa7 Rxa7 25. Nxa7
Rb2+ 26. Ke1 Bf3 27. a4 Re2+ 28. Kf1 g5 29. Bg3 Bb2 30. Bd6 Rd2 31. Bb4
Rd1+ 32. Be1 Be5 33. Nb5 Bxh2 34. Nd4 Bb7 35. Rb4 Ba6+ 36. Kg2 Bc7 37. Bc3
h5 38. Nb5 Bb6 39. Nd4 Bf1+ 40. Kf3 Bc7 41. a5 f5
0-1

[Event "II Gyorgy Marx Mem"]
[Site "Paks HUN"]
[Date "2004.06.13"]
[Round "8"]
[White "Korchnoi,V"]
[Black "Beliavsky,A"]
[Result "0-1"]
[WhiteElo "2579"]
[BlackElo "2667"]
[EventDate "2004.06.05"]

1. d4 Nf6 2. c4 e6 3. Nc3 Bb4 4. e3 O-O 5. Ne2 d5 6. a3 Be7 7. Ng3 a5 8.
Qc2 c5 9. dxc5 Bxc5 10. cxd5 exd5 11. Be2 Nc6 12. O-O d4 13. Nb5 Qb6 14. e4
Ne5 15. a4 Nfg4 16. Nh1 Rd8 17. Bd3 Ne3 18. fxe3 Nxd3 19. exd4 Rxd4 20.
Nxd4 Bxd4+ 21. Nf2 Nxf2 22. Rxf2 Be6 23. Bf4 Rc8 24. Qd2 Bb3 25. Ra3 Rc2
26. Rxb3 Rxd2 27. Rxb6
0-1